000
00325nam a2200121Ia 4500
008
151001s9999||||xx |||||||||||||| ||und||
100
_a
राज शिवहरे
245
_a
अधुरा मन
250
_a
1
260
_b
तिवारी ग्राफिक्स
300
_a
179
365
_b
28
999
_c
991762
_d
991759